000 00946nam a22002417a 4500
999 _c8802
_d8802
003 AR-CdUCM
008 190326b ||||| |||| 00| 0 eng d
040 _aMUNICIPALIDAD PROVINCIAL DEL CUSCO
_cBIBLIOTECA MUNICIPAL DEL CUSCO
082 _a808.8 /
_bG15
100 _aGallegos Santiago, Oscar
_924538
245 _aEl microrrelato peruano :
_bteoría e historia /
260 _aLima :
_bMicropolis,
_c2015.
300 _a528 páginas ;
_c20 cm.
440 _aMinificción.
_n22
_924539
505 _aContenido: Teoría del microrrelato -- Historia del microrrelato -- El microrrelato peruano en la narrativa de los años 50 -- El microrrelato peruano en los años 50: Autores representativos.
650 _aLiteratura peruana
_9169
650 _aHistoria y crítica
_95993
650 _aEstudio y enseñanza
_92610
650 _aNarrativa peruana
_9226
700 _aBelevan, Harry (prólogo)
_924540
942 _2ddc
_cLIBROS
945 _aachl